| Tag |
First Indicator |
Second Indicator |
Subfields |
| LEADER |
00000cam a2200000 i 4500 |
| 001 |
in00004016708 |
| 005 |
20180718090058.0 |
| 008 |
080324s2009 mnua b 000 0 eng |
| 010 |
|
|
|a 2008012773
|
| 019 |
|
|
|a 234453162
|
| 020 |
|
|
|a 9780822576389
|q (lib. bdg. ;
|q alk. paper)
|
| 020 |
|
|
|a 0822576384
|q (lib. bdg. ;
|q alk. paper)
|
| 024 |
8 |
|
|a 99976215515
|
| 035 |
|
|
|a (OCoLC)ocn214322781
|
| 035 |
|
|
|a (OCoLC)214322781
|
| 040 |
|
|
|a DLC
|b eng
|c DLC
|d IG#
|d BTCTA
|d BAKER
|d MLY
|d XL4
|d GO3
|d XY4
|d ZAC
|d EHH
|d JQD
|d TTS
|d BDX
|d VP@
|d YDXCP
|d OCLCF
|d OCLCO
|d OCLCQ
|d OCLCO
|d NYP
|d OCLCO
|d OCLCQ
|d DCB
|d OCLCO
|d OCL
|d QT4
|d UtOrBLW
|
| 049 |
|
|
|a TXAM
|
| 050 |
0 |
0 |
|a PE1157
|b .C545 2009
|
| 082 |
0 |
0 |
|a 428.1/3
|2 22
|
| 100 |
1 |
|
|a Cleary, Brian P.,
|d 1959-
|e author.
|0 http://id.loc.gov/authorities/names/n94104199
|
| 245 |
1 |
4 |
|a The frail snail on the trail :
|b long vowel sounds with consonant blends /
|c by Brian P. Cleary ; illustrations by Jason Miskimins ; consultant: Alice M. Maday.
|
| 264 |
|
1 |
|a Minneapolis, Minn. :
|b Millbrook Press,
|c [2009]
|
| 264 |
|
4 |
|c ©2009
|
| 300 |
|
|
|a 30 pages :
|b color illustrations ;
|c 24 cm.
|
| 336 |
|
|
|a text
|b txt
|2 rdacontent
|
| 337 |
|
|
|a unmediated
|b n
|2 rdamedia
|
| 338 |
|
|
|a volume
|b nc
|2 rdacarrier
|
| 490 |
1 |
|
|a Sounds like reading ;
|v book four
|
| 520 |
|
|
|a This volume explains such topics as long vowel sounds with consonant digraphs and inflectional endings by using comic, incongruous situations to get explain the points.
|
| 526 |
0 |
|
|a Accelerated Reader 2.1.
|
| 650 |
|
0 |
|a English language
|x Vowels
|v Juvenile literature.
|0 http://id.loc.gov/authorities/subjects/sh2008119629
|
| 650 |
|
0 |
|a English language
|x Consonants
|v Juvenile literature.
|0 http://id.loc.gov/authorities/subjects/sh2008103115
|
| 650 |
|
0 |
|a English language
|x Phonetics
|v Juvenile literature.
|0 http://id.loc.gov/authorities/subjects/sh2008119628
|
| 650 |
|
0 |
|a Reading
|x Phonetic method
|v Juvenile literature.
|0 http://id.loc.gov/authorities/subjects/sh2008110444
|
| 650 |
|
1 |
|a English language
|x Vowels.
|
| 650 |
|
1 |
|a English language
|x Consonants.
|
| 650 |
|
1 |
|a English language
|x Phonetics.
|
| 650 |
|
1 |
|a Reading
|x Phonetic method.
|
| 650 |
|
7 |
|a English language
|x Consonants.
|2 fast
|0 (OCoLC)fst00911061
|
| 650 |
|
7 |
|a English language
|x Phonetics.
|2 fast
|0 (OCoLC)fst00911498
|
| 650 |
|
7 |
|a English language
|x Vowels.
|2 fast
|0 (OCoLC)fst00911946
|
| 650 |
|
7 |
|a Reading
|x Phonetic method.
|2 fast
|0 (OCoLC)fst01090659
|
| 655 |
|
7 |
|a Readers (Publications)
|2 fast
|0 (OCoLC)fst01919959
|
| 655 |
|
7 |
|a Juvenile works.
|2 fast
|0 (OCoLC)fst01411637
|
| 655 |
|
7 |
|a Readers (Publications)
|2 lcgft
|0 http://id.loc.gov/authorities/genreForms/gf2014026160
|
| 700 |
1 |
|
|a Miskimins, Jason,
|e illustrator.
|0 http://id.loc.gov/authorities/names/n2008019778
|
| 700 |
1 |
|
|a Maday, Alice M.
|0 http://id.loc.gov/authorities/names/n2008019780
|
| 800 |
1 |
|
|a Cleary, Brian P.,
|d 1959-
|t Sounds like reading ;
|v bk. 4.
|0 http://id.loc.gov/authorities/names/no2009060195
|
| 945 |
|
|
|b 549598
|
| 947 |
|
|
|a A14850519811
|
| 994 |
|
|
|a 92
|b TXA
|
| 948 |
|
|
|a Cataloged
|b h
|c 2018/5/4
|d c
|e LEverett
|f 10:48:15 AM
|
| 999 |
f |
f |
|s b116c46d-ed54-3f80-b56b-d1fb6ef68206
|i 933e1b5b-c1e0-324b-a67a-eb4dedbc6b93
|t 0
|
| 952 |
f |
f |
|p normal
|a Texas A&M University
|b College Station
|c Sterling C. Evans Library
|d Evans: Curriculum Collection (4th floor)
|t 0
|e PE1157 .C545 2009
|h Library of Congress classification
|i unmediated -- volume
|m A14850519811
|
| 998 |
f |
f |
|a PE1157 .C545 2009
|t 0
|l Evans: Curriculum Collection (4th floor)
|